Statystyki dla Wszyscy Piłkarzy 90+ w FIFIE 22

Kliknij tutaj aby rozwiązać quiz!

Ogólne statystyki

  • Ten quiz został rozwiązany 210 razy
  • Średni wynik to 7 z 11

Statystyki odpowiedzi

OcenaPiłkarz% Poprawnych
93Messi
99%
91Ronaldo
98%
92Lewandowski
95%
91Mbappe
91%
91Neymar
79%
91De Bruyne
61%
90Neuer
54%
91Oblak
52%
90Ter-Stegen
34%
90Kane
31%
90Kante
31%

Rozkład punktacji

Percentyl według liczby udzielonych odpowiedzi

Procent ludzi z każdym wynikiem

Twoja historia wyników

Nie rozwiązałeś tego quizu